00513nam a2200157Ia 45000030006000000080041000060400015000471000017000622450094000792600009001735460012001829420012001949990017002060050017002239520115002400STCL150530s9999 xx 000 0 und d aSTCLcSTCL aNizami, T.A. aMuslim political thought and activity in India during the first half of the 19 th century c1969 aEnglish 2ddccBK c71242d7124220220125171450.0 00102ddc4070aSTCALbSTCALcGENd2015-05-30g10.00l0o954.2-40p36081r2015-05-30 00:00:00w2015-05-30yBK